| 000 | 01113nam a22002777a 4500 | ||
|---|---|---|---|
| 001 | 7104 | ||
| 003 | FISKH | ||
| 005 | 20250623151434.0 | ||
| 008 | 250623b cb ||||| |||| 00| 0 eng d | ||
| 020 | _a9780531253618 | ||
| 040 |
_aFISKH _beng _cFISKH _dFISKH |
||
| 050 | _aQB691.S65 | ||
| 082 | _a523.48 | ||
| 100 | _aSquirey ,Ann O. | ||
| 245 |
_aPlanet Neptune / _cBy Ann O. Squire |
||
| 260 |
_aNew York : _bScholastic , _c2014. |
||
| 300 |
_a48 pages : _bcolor illustrationd ; _c22 cm. |
||
| 490 | _aTrue Books: Space | ||
| 505 | _aR | ||
| 520 | _aVisible through a strong pair of binoculars, Neptune is one of the few planets that is easily seen from the surface of Earth. Readers will discover what it would be like to visit the surface of Neptune and how scientists are working to learn more about this icy planet. They will also discover how the planet was discovered and why its moons and rings are so interesting to scientists. | ||
| 521 | 8 |
_a760
_bLexile |
|
| 521 | 8 |
_aR
_bRaz-Plus |
|
| 650 |
_aNeptune ( planet ) _vJuvenile Literature |
||
| 942 |
_2ddc _cBK _n0 |
||
| 999 |
_c7104 _d7104 |
||